Gaming Quiz

Random Gaming or Board Games Quiz

'How to Win' Board Games Quiz Stats

 Plays Quiz Updated Mar 2, 2016

Support Sporcle.
Go Orange.
Score 0/16 Timer 04:00
2 Plays Today
% Correct
Candy Land
92.1%
Scrabble
90.2%
Hi Ho! Cherry-O
89.3%
Clue(do)
88.7%
Trivial Pursuit
86.5%
Risk
85.2%
Ticket to Ride
82.6%
Sorry!
70.7%
% Correct
Stratego
68.3%
The Game of LIFE
62%
Pictionary
60.8%
Scene It?
56.2%
Cranium
56.2%
Catan
51.7%
Blokus
51.3%
Trouble|Frustration!
50.3%

You're not logged in!

Compare scores with friends on all Sporcle quizzes.
OR
Log In

From the Vault

Remove Ads.
Support Sporcle.
Get the best of Sporcle when you Go Orange. This ad-free experience offers more features, more stats, and more fun while also helping to support Sporcle. Thank you for becoming a member.

Show Comments

Extras

Top Quizzes Today


Score Distribution

Your Account Isn't Verified!

In order to create a playlist on Sporcle, you need to verify the email address you used during registration. Go to your Sporcle Settings to finish the process.

Report this User

Report this user for behavior that violates our Community Guidelines.

Details: